A correlational study of mobile game engagement score and time management skills of nursing students in a selected college students in a selected college of nursing in Las Pinas City (Record no. 366997)
[ view plain ]
| 000 -LEADER | |
|---|---|
| fixed length control field | 01120nam a22002657a 4500 |
| 003 - CONTROL NUMBER IDENTIFIER | |
| control field | 0 |
| 005 - DATE AND TIME OF LATEST TRANSACTION | |
| control field | 20250116153353.0 |
| 008 - FIXED-LENGTH DATA ELEMENTS--GENERAL INFORMATION | |
| fixed length control field | 250116b xxu||||| |||| 00| 0 eng d |
| 050 ## - LIBRARY OF CONGRESS CALL NUMBER | |
| Classification number | RT 71 |
| Item number | .T33 2024 |
| 100 ## - MAIN ENTRY--PERSONAL NAME | |
| Personal name | Tesoro-Lingad, Janis G. |
| 245 ## - TITLE STATEMENT | |
| Title | A correlational study of mobile game engagement score and time management skills of nursing students in a selected college students in a selected college of nursing in Las Pinas City |
| Statement of responsibility, etc | Janis G. Lingad-Tesoro |
| 260 ## - PUBLICATION, DISTRIBUTION, ETC. (IMPRINT) | |
| Place of publication, distribution, etc | Las Pinas City |
| Name of publisher, distributor, etc | Southville International School and Colleges |
| Date of publication, distribution, etc | c2024 |
| 300 ## - PHYSICAL DESCRIPTION | |
| Extent | ix, 182 pages : |
| Other physical details | illustrations ; |
| Dimensions | 29cm. |
| 504 ## - BIBLIOGRAPHY, ETC. NOTE | |
| Bibliography, etc | Includes bibliographical references and appendices. |
| 650 ## - SUBJECT ADDED ENTRY--TOPICAL TERM | |
| Topical term or geographic name as entry element | Nursing students—Psychology. |
| 650 ## - SUBJECT ADDED ENTRY--TOPICAL TERM | |
| Topical term or geographic name as entry element | Mobile games—Psychological aspects. |
| 650 ## - SUBJECT ADDED ENTRY--TOPICAL TERM | |
| Topical term or geographic name as entry element | Time management—Psychological aspects. |
| 650 ## - SUBJECT ADDED ENTRY--TOPICAL TERM | |
| Topical term or geographic name as entry element | Video games—Social aspects—Philippines. |
| 650 ## - SUBJECT ADDED ENTRY--TOPICAL TERM | |
| Topical term or geographic name as entry element | Nursing—Study and teaching—Philippines. |
| 700 ## - ADDED ENTRY--PERSONAL NAME | |
| Personal name | Rosette, Adel Annette E. |
| 700 ## - ADDED ENTRY--PERSONAL NAME | |
| Personal name | Sayson, Denisse Monique E. |
| 700 ## - ADDED ENTRY--PERSONAL NAME | |
| Personal name | Takenoshita, Tomoya |
| 700 ## - ADDED ENTRY--PERSONAL NAME | |
| Personal name | Tuazon, Patricia T. |
| 942 ## - ADDED ENTRY ELEMENTS (KOHA) | |
| Source of classification or shelving scheme | Library of Congress Classification |
| Koha item type | Theses |
| Withdrawn status | Lost status | Source of classification or shelving scheme | Damaged status | Home library | Current library | Shelving location | Date acquired | Source of acquisition | Sub Shelving location | Total Checkouts | Full call number | Barcode | Date last seen | Price effective from | Koha item type |
|---|---|---|---|---|---|---|---|---|---|---|---|---|---|---|---|
| Library of Congress Classification | College Library | College Library | Theses Section | 01/16/2025 | Donation | RT 71 .T33 2024 | T1268 | 01/16/2025 | 01/16/2025 | Theses |